000 01596nam a2200325 a 4500
003 CO-PeBPR
005 20260501123009.0
008 260501s2024 ck ao gr 000 0 spa d
020 _a9789585084025
040 0 _aCO-PeBPR
_bspa
_cCO-PeBPR
_erda
041 0 _hspa
082 0 4 _a658.048 A282l
100 1 _aAgudelo Orrego, Beatriz Eugenia
_eautora
245 1 0 _aLiderazgo femenino
_b: una nueva forma de entender a las organizaciones sin fines de lucro
_c/ Beatriz Eugenia Agudelo Orrego.
250 _aEdición especial
264 _aBogotá, Colombia
_b: : ECOE Ediciones
_c, 2024
300 _a139 páginas
_b: ilustraciones en blanco y negro
_c; 24 centímetros
336 _atxt
337 _2rdamedia
_an
338 _2rdacarrier
_anc
490 _aPlan Nacional de Lectura, Escritura y Oralidad / Ministerio de las Culturas, las Artes y los Saberes.
500 _aIncluye índice.
520 _aEste libro se enfoca en el estudio del liderazgo femenino en organizaciones sin fines de lucro (OSFL) en el Valle del Cauca, particularmente en fundaciones dirigidas y fundadas por mujeres. Analiza cómo estos estilos de liderazgo impactan el funcionamiento y objetivos de las fundaciones. Tomado de la contracubierta del libro.
521 _aRecomendado para jóvenes y adultos.
650 1 4 _2LEMB
_aOrganizaciones sin ánimo de lucro
_xLiderazgo
_zValle del Cauca
650 1 4 _2LEMB
_aLiderazgo femenino
_xInvestigaciones
650 1 4 _2LEMB
_aAdministración Pública
830 _954504
_aDonación - Sala de Patrimonio Bibliográfico y Documental de Risaralda
942 _2ddc
_cBK
999 _c17838
_d17838